| 000 | 00437nam a2200133Ia 4500 | ||
|---|---|---|---|
| 008 | 210430s9999 xx 000 0 und d | ||
| 020 | _a9781608762620 (hardcover) | ||
| 082 | _a668.4 R8425J | ||
| 100 |
_aRotheiser, Jordan. _954869 |
||
| 245 |
_aJoining of plastics 3rd: _cRotheiser, Jordan. |
||
| 260 |
_aMunich : | Cincinnati, Ohio : _bHanser Publishers ; | Hanser Publications, _c2009 |
||
| 300 | _axxxii, 592 p. : | ||
| 942 |
_cREF _2ddc |
||
| 999 |
_c565754 _d565754 |
||